The Earlier Egyptian passive : voice and perspective /

محفوظ في:

المؤلف الرئيسي: Stauder, Andréas, 1977- (مؤلف)

التنسيق: كتاب

اللغة: English

منشور في: Hamburg : Widmaier, 2014.

الطبعة: 1. Aufl.

سلاسل: Lingua aegyptia. Studia monographica ; 14.
LingAeg.SM ; 14.

الموضوعات:

الوسوم: إضافة وسم

لا توجد وسوم, كن أول من يضع وسما على هذه التسجيلة!

رقم الطلب: PJ1001 .L57 v.14

LEADER 00982nam a22003017a 4500
003 OSt
005 20251006130737.0
008 251006t2014 gw g b 001 0 eng d
020 |a 9783943955149 
040 |c ARCE Library 
050 1 4 |a PJ1001   |b .L57 v.14 
100 1 |a Stauder, Andréas,  |d 1977-  |e author 
245 1 4 |a The Earlier Egyptian passive :   |b voice and perspective /   |c Andreas Stauder. 
250 |a 1. Aufl. 
264 1 |a Hamburg :   |b Widmaier,   |c 2014. 
300 |a xviii, 454 pages ;   |c 25 cm. 
490 1 |a Lingua aegyptia. Studia monographica,   |x 0946-8641 ;   |v 14. 
490 1 |a LingAeg.SM ;   |v 14. 
504 |a Includes bibliographical references and index. 
555 |a Hadeer 
650 0 |a Egyptian language  |x Passive voice. 
650 0 |a Egyptian language  |x Verb. 
650 0 |a Egyptian language  |x Voice. 
830 0 |a Lingua aegyptia.   |p Studia monographica ;   |v 14. 
830 0 |a LingAeg.SM ;   |v 14. 
901 |a reviewed 
942 |c BK  |2 lcc 
999 |c 24408  |d 24408